| 000 | 00354 a2200157 4500 | ||
|---|---|---|---|
| 005 | 20250627171454.0 | ||
| 020 | _a0-07-287758-8 | ||
| 082 | _a339 DEL | ||
| 100 | _aDELONG, J. B. | ||
| 245 | _aMacroeconomics | ||
| 250 | _a2nd Ed. | ||
| 260 |
_aNew York, _bMcGraw Hill, _c2006 |
||
| 300 |
_a555p.; _bIndex _c24cm |
||
| 700 | _aONLEY, M. | ||
| 942 |
_2ddc _cBKS |
||
| 999 |
_c5651 _d5651 |
||